Companies Act, 1965 (Act 125) & Subsidiary Legislations : (as at 15th September 2000)

Bibliographic Details
Corporate Authors: Malaysia, Legal Research Board
Format: Book
Language:English
Published: Kuala Lumpur : International Law Book Services , c2000
Subjects:

MARC

LEADER 00000cam a2200000 7i4500
001 0000008454
005 20230816.0
008 010206 my eng
020 |a 9678910969 (pbk) 
040 |a INS 
090 0 0 |a KPG956.A311965   |b M34 2000 
110 1 |a Malaysia 
245 1 0 |a Companies Act, 1965 (Act 125) & Subsidiary Legislations :   |b (as at 15th September 2000)   |c compiled by Legal Research Board 
260 |a Kuala Lumpur :   |b International Law Book Services ,   |c c2000 
300 |a 512 p. ;   |c 24 cm. 
650 0 |a Corporation law   |z Malaysia 
710 1 |a Legal Research Board 
999 |a 0000008003   |b BOOK   |c Acts   |e Default branch